| 000 | 00868nam a2200253Ia 4500 | ||
|---|---|---|---|
| 005 | 20211110120354.0 | ||
| 008 | 130821s1984 sp gr spa | ||
| 020 | _a8437604575 | ||
| 040 |
_aCo-BoUCM _bspa _cSandra Palacio (modificó) _d[Nuevo] |
||
| 041 | 0 | 0 | _aspa |
| 100 | 1 | 0 |
_aCortazar, Julio _d1914-1984 _91409 |
| 245 | 0 | 0 |
_aRayuela _cJulio Cortazar, edición de Andrés Amorós |
| 250 | _a2a. ed. | ||
| 260 |
_aMadrid (España) _bEdiciones Cátedra _c1984 |
||
| 300 | _a155 páginas | ||
| 490 |
_aCatreda. _v200 _aLetras Hispánicas |
||
| 650 | 1 | 7 |
_aLiteratura argentina _918607 |
| 650 | 2 | 7 |
_aNovela argentina _920467 |
| 650 | 2 | 7 |
_aSurrealismo _924973 _xLiteratura |
| 690 |
_aLiteratura latinoamericana _918700 |
||
| 700 | 1 | 0 |
_aAmorós, Andrés _d1941 _eeditor _981491 |
| 942 |
_cLIBRO _a18 _e2 _kA _mC827 _2DEWEY _h863.44 |
||
| 999 |
_c34824 _d34824 |
||